Państwa, które były kiedyś pod kontrolą Szwecji - Statystyki

Ogólne statystyki
  • Ten quiz został rozwiązany 3 363 razy
  • Średni wynik to 11 z 13
Statystyki odpowiedzi
Państwo % Poprawnych
Polska
99%
Dania
98%
Norwegia
98%
Rosja
98%
Estonia
97%
Finlandia
97%
Litwa
97%
Łotwa
97%
Niemcy
97%
Szwecja
62%
Francja
60%
Stany Zjednoczone
46%
Ghana
8%
Nie znaleziono quizów pasujących do podanych kryteriów
Rozkład punktacji
Procent ludzi z każdym wynikiem
Percentyl według liczby udzielonych odpowiedzi
Twoja historia wyników
Nie rozwiązałeś tego quizu